000 00601nam a2200241 a 4500
001 nice12345678
003 IN_TiNIC
005 20260116011500.0
008 050524s1940 lona grp 000 0 ara
020 _a
_c100
082 0 0 _a297.4
_bMUH1
100 _aMuhasibi, Abu Abdullah Haris
245 _aKitabul Riayat, Li Huqooq-Ullah
260 _aLondon
_bLuzac and Co.
_c1940
300 _a343p
500 _aincludes index and biblioraphy
505 2 _aIndex
650 _aSufism-Muhasibi
700 1 _aMuhasibi, Abu Abdullah Haris
902 _bSRS
942 _cBK
999 _c1928
_d1928